Gaming Quiz

Random Gaming or Video Games Quiz

Metal Gear Mech Matchup Quiz Stats

 Plays Quiz not verified by Sporcle

Challenge
Share
Tweet
Embed
Score 0/9 Timer 03:00
0 Plays Today
% Correct
Metal Gear Solid
88.4%
Metal Gear Solid 2: Sons of Liberty
86.6%
Metal Gear Solid V: The Phantom Pain
86%
Metal Gear Rising: Revengance
75.6%
Metal Gear
73.8%
Metal Gear Solid: Peace Walker
73.2%
Metal Gear Solid 4: Guns of the Patriots
73.2%
Metal Gear 2: Solid Snake
72%
Metal Gear Solid: Portable Ops
60.4%

You're not logged in!

Compare scores with friends on all Sporcle quizzes.
OR
Log In

You Might Also Like...

Show Comments

Extras

Top Quizzes Today


Score Distribution

Your Account Isn't Verified!

In order to create a playlist on Sporcle, you need to verify the email address you used during registration. Go to your Sporcle Settings to finish the process.

Report this User

Report this user for behavior that violates our Community Guidelines.

Details: